Statistics for AFL Statistical Leaders 2023 Season

Click here to take the quiz!

General Stats

  • This quiz has been taken 83 times
  • The average score is 21 of 25

Answer Stats

StatAvgTeamAnswer% Correct
Clearances8.1BrisbaneLachie Neale
100%
AFL Supercoach Points129.7BulldogsMarcus Bontempelli
100%
Goals3.5AdelaideTaylor Walker
100%
Contested Possesions14.8GWSTom Green
100%
Disposals32.1GWSTom Green
100%
Handballs18.6GWSTom Green
100%
Marks9.9HawthornJames Sicily
96%
Uncontested Possesions19.5EssendonZach Merrett
94%
Tackles8.3Gold CoastMatt Rowell
93%
Score Involvments8.6MelbourneChristian Petracca
91%
Inside 50's6.2SydneyErrol Gulden
91%
Kicks19.8St KildaJack Sinclair
91%
AFL Fantasy Points118.7BulldogsTim English
91%
Hitouts39.2Gold CoastJarrod Witts
87%
Spoils9.5BrisbaneHarris Andrews
85%
One Percenters10.5BrisbaneHarris Andrews
85%
Goal Assists1.8GeelongGryan Miers
83%
Contested Marks2.7Port AdelaideCharlie Dixon
76%
Turnovers6.1West CoastTim Kelly
76%
Time on Ground %99.4%St KildaCallum Wilkie
69%
Clangers5.3RichmondTim Taranto
67%
Intercept Marks3.8RichmondNoah Balta
63%
Free Kicks For2.1CollingwoodDarcy Cameron
56%
Bounces2.9EssendonAndrew McGrath
52%
Free Kicks Against2.1SydneyLance Franklin
35%

Score Distribution

Percentile by Number Answered

Percent of People with Each Score

Your Score History

You have not taken this quiz